Rechnungsführung und Statistik in der sozialistischen Lendwirtschaft
Uložené v:
| Médium: | Kniha |
|---|---|
| Jazyk: | German |
| Vydavateľské údaje: |
Berlin
Deutscher Landwirtschaftsverlag
1979
|
| Vydanie: | 3. über. Aufl. |
| Tagy: |
Žiadne tagy, Buďte prvý, kto otaguje tento záznam!
|
MARC
| LEADER | 00000nam a2200000 4500 | ||
|---|---|---|---|
| 001 | 0223163 | ||
| 005 | 20240822101703.5 | ||
| 041 | 0 | |a ger | |
| 044 | |a DE | ||
| 245 | 1 | 0 | |a Rechnungsführung und Statistik in der sozialistischen Lendwirtschaft |
| 250 | |a 3. über. Aufl. | ||
| 264 | 1 | |a Berlin |b Deutscher Landwirtschaftsverlag |c 1979 | |
| 300 | |a 287 s. | ||